Statistics for Countries Closest to Pakistan

Click here to take the quiz!

General Stats

  • This quiz has been taken 1,237 times
  • The average score is 17 of 20

Answer Stats

kmcountrymiles% Correct
0India0
99%
0Afghanistan0
98%
0Iran0
97%
0China0
96%
1184Iraq736
93%
550Nepal342
89%
16Tajikistan10
89%
439Turkmenistan273
89%
330Uzbekistan205
89%
703Saudi Arabia437
86%
1407Bangladesh874
84%
342Oman212
83%
1410Bhutan876
82%
530Kazakhstan329
82%
262Kyrgyzstan163
82%
527United Arab
Emirates
328
82%
1005Qatar624
79%
1208Kuwait751
77%
1206Yemen750
77%
1088Bahrain676
74%

Score Distribution

Percentile by Number Answered

Percent of People with Each Score

Your Score History

You have not taken this quiz